Score 0/20 Timer 04:00
0 Plays Today
Thing Y or O? % Correct
The Statue of Liberty???
79%
The telephone???
75.3%
The NBA???
74.2%
The United Nations???
72.5%
The Great Depression???
72%
Yellowstone National Park???
69.4%
The Modern Olympics???
69%
World War I???
68%
Dick Van Dyke???
67.3%
Rudolph the Red-Nosed Reindeer???
64.7%
Thing Y or O? % Correct
Oklahoma statehood???
62.2%
General Electric???
61.6%
The Great Gatsby???
57.5%
'God Bless America'???
56.5%
Betty Boop???
56.5%
Sliced bread???
54.6%
NBC Radio???
53.4%
Kirk Douglas???
53.1%
Chrysler Corporation???
49.7%
The NFL???
28.4%
Remove Ads.
Support Sporcle.
Get the best of Sporcle when you Go Orange. This ad-free experience offers more features, more stats, and more fun while also helping to support Sporcle. Thank you for becoming a member.

You're not logged in!

Compare scores with friends on all Sporcle quizzes.
OR
Log In

Show Comments

Extras

Top Quizzes Today


Score Distribution

Your Account Isn't Verified!

In order to create a playlist on Sporcle, you need to verify the email address you used during registration. Go to your Sporcle Settings to finish the process.

Report this User

Report this user for behavior that violates our Community Guidelines.

Details: